000
00255nam a2200097Ia 4500
001
704275
005
20250826162407.0
008
250824s9999 xx 000 0 und d
245
0
_a
BEYAZ GECELER UYSAL KIZ
_c
DOSTOYEVSKİ
260
_b
ANTİK DÜNYA KLASİKLERİ
999
_c
704275
_d
704275